Statistics for Biggest American Cities in States that Border Canada

Click here to take the quiz!

General Stats

  • This quiz has been taken 64 times
  • The average score is 13 of 20

Answer Stats

Metro Pop.Answer% Correct
20,320,876New York City
95%
3,867,046Seattle
91%
4,313,002Detroit
90%
3,600,618Minneapolis - St. Paul
90%
1,136,856Buffalo
79%
6,096,120Philadelphia
79%
2,058,844Cleveland
78%
2,078,725Columbus
78%
2,179,082Cincinnati
76%
1,077,948Rochester
72%
2,333,367Pittsburgh
71%
886,188Albany
62%
654,841Syracuse
59%
709,845Boise
55%
1,059,113Grand Rapids
50%
703,505Akron
47%
803,416Dayton
47%
603,668Toledo
45%
571,903Harrisburg
43%
840,550Allentown
28%

Score Distribution

Percentile by Number Answered

Percent of People with Each Score

Your Score History

You have not taken this quiz